000 00408nab a2200145Ia 4500
003 ES-SlBCS
005 20210601131743.0
008 140529s1932 xxu||||| |||| 00| 0 fre d
041 _afre
100 1 _aGuissan, A.
_9188597
245 0 0 _aNotes italiannes
_c A. Guissan
651 4 _aItalia-Religión
_9188598
773 0 _tVie Intelectuelle (La)
_gvol. 18, nº. 2, 1932, págs. 205-208
_wRev907
942 _cAR
999 _c568209
_d568209